Elenca la formazione - Quiz n°126 - Statistics

Statistiche generali
  • Questo quiz è stato fatto 62 volte
  • Il punteggio medio è 8 su 11
Statistiche sulle risposte
Ruolo Nazione Calciatore % Corretto
Difensore Grecia Kōstas Manōlas
98%
Attaccante Italia Francesco Totti
96%
Centrocampista Italia Daniele De Rossi
95%
Centrocampista Belgio Radja Nainggolan
95%
Portiere Italia Morgan De Sanctis
73%
Attaccante Paraguay / Argentina Juan Manuel Iturbe
68%
Centrocampista Mali Seydou Keita
61%
Difensore Grecia Vasilīs Torosidīs
55%
Difensore Grecia José Holebas
50%
Difensore Francia Mapou Yanga-Mbiwa
39%
Attaccante Italia Alessandro Florenzi
34%
Nessun quiz corrispondente trovato
Distribuzione punteggi
Percentuale di utenti per punteggio
Percentile per numero di risposta
I tuoi punteggi nel tempo
Non hai fatto questo quiz